000 00395nam a22001697a 4500
020 _a978-93-85064-84-5
082 _a894.812.3
_bASH/A
100 _aASHTAMOORTHI
245 _aAVASANATHE SHILPAM
246 _aAVASANATHE SHILPAM
_bAVASANATHE SHILPAM
250 _a2
260 _aPALAKKAD
_bLOGOS BOOK
300 _a104
520 _aNOVEL
650 _aMALAYALAM NOVEL
_zKERALA
942 _cBK
999 _c7186
_d7186